000 01103nam a22003137a 4500
003 CHAP
005 20220329134800.0
008 971013s1978 r 00010 d
010 _a25821
011 _a26793
035 _a30894
040 _cCHAP
082 _a633.15
_bB8
100 0 0 _aBunting, E. S.
_eed.
_916085
245 _aForage maize ; production and utilisation
260 _aLondon :
_bAgricultural Research Council,
_c1978
300 _a346 p.
_b; láms. : ilus. ; gráfs.
590 _aBATCH-UPD
_b10
_c20130110
_lUCH01
_h2036
590 _aBATCH-UPD
_b10
_c20130410
_lUCH01
_h1351
590 _aBATCH-UPD
_b10
_c20130914
_lUCH01
_h1759
590 _aCONVERSION
_b10
_c20130109
_lUCH01
_h1315
650 1 4 _aMaíz como forraje.
_971109
901 _aBK
942 _cLIBRO
949 _a633.15 B8
_bBC
_cLIBRO
_d33724000194189
_eLIBRO
_h52867
_i30894
_si
949 _a633.15 B8
_bBC
_cLIBRO
_d33724000194197
_eLIBRO
_fc.2
_h56978
_i30894
_si
949 _a633.15 B8
_bBC
_cLIBRO
_d33724000194205
_eLIBRO
_fc.3
_h56979
_i30894
_si
949 _a633.15 B8
_bBC
_cLIBRO
_d33724000194213
_eLIBRO
_fc.4
_h56980
_i30894
_si
999 _c25821
_d25821